Normal view
MARC view
- الأدب العربي - دراسات - الأدب السعودي
Entry Topical Term
001 - CONTROL NUMBER
- control field: 17341
003 - CONTROL NUMBER IDENTIFIER
- control field: JO-AjAnu
005 - DATE AND TIME OF LATEST TRANSACTION
- control field: 20230606073050.0
008 - FIXED-LENGTH DATA ELEMENTS
- fixed length control field: 230606|| aca||aabn | a|a d
040 ## - CATALOGING SOURCE
- Original cataloging agency: JO-AjAnu
- Transcribing agency: JO-AjAnu
150 ## - HEADING--TOPICAL TERM
- Topical term or geographic name entry element: الأدب العربي - دراسات - الأدب السعودي
670 ## - SOURCE DATA FOUND
- Source citation: Work cat.: (JO-AjAnu)8903: الساسي، عمر الطيب, author 17340, دراسات في الأدب العربي على مر العصور مع بحث خاص بالأدب العربي السعودي